000 00347 a2200169 4500
001 171869
020 _a85-281-0017-0
040 _cMagnum
100 _aWerneck, Leny
240 1 0 _aBonjour, vovó
_lpor
245 1 0 _aBonjour, vovó
300 _a63
362 0 _a1992
440 1 _aSalamandra
697 _aLITERATURA JUVENIL
942 _cBK
999 _c171869
_d171869